تحميل...

Keats's selected poems /

التفاصيل البيبلوغرافية
المؤلف الرئيسي: Mullik, B. R.
التنسيق: Printed Book
اللغة:English
منشور في: S Chand & Sons, 1971.
سلاسل:v11
LEADER 00390nam a2200133Ia 4500
008 150624b xxu||||| |||| 00| 0 eng d
100 |a Mullik, B. R. 
245 |a Keats's selected poems /  |c B. R. Mullik 
260 |b S Chand & Sons,  |c 1971. 
300 |a 97 p. 
490 |a v11 
942 |c BK 
999 |c 19905  |d 19905 
952 |0 1  |1 0  |4 0  |7 0  |9 19904  |a UL  |b UL  |c ST1  |d 1998-09-01  |l 0  |p 29797  |r 2012-10-27  |w 2012-10-27  |y BK